|
|
|
|
| LEADER |
00000cam a22000004a 4500 |
| 001 |
musev2_10604 |
| 003 |
MdBmJHUP |
| 005 |
20230905041213.0 |
| 006 |
m o d |
| 007 |
cr||||||||nn|n |
| 008 |
071025s2008 nyu o 00 0 eng d |
| 010 |
|
|
|z 2007043871
|
| 020 |
|
|
|a 9780815651581
|
| 020 |
|
|
|z 9780815609544
|
| 035 |
|
|
|a (OCoLC)608820358
|
| 040 |
|
|
|a MdBmJHUP
|c MdBmJHUP
|
| 043 |
|
|
|a a-le---
|
| 050 |
0 |
4 |
|a HV6433.L4
|b V36 2008
|
| 082 |
0 |
|
|a 363.325092
|2 22
|
| 100 |
1 |
|
|a Van de Ven, Susan Kerr.
|
| 245 |
1 |
0 |
|a One Family's Response to Terrorism :
|b A Daughter's Memoir /
|c Susan Kerr van de Ven ; foreword by Saad Eddin Ibrahim.
|
| 250 |
|
|
|a 1st ed.
|
| 264 |
|
1 |
|a Syracuse, N.Y. :
|b Syracuse University Press,
|c 2008.
|
| 264 |
|
3 |
|a Baltimore, Md. :
|b Project MUSE,
|c 2012
|
| 264 |
|
4 |
|c ©2008.
|
| 300 |
|
|
|a 1 online resource (202 pages):
|b ill., maps ;
|
| 336 |
|
|
|a text
|b txt
|2 rdacontent
|
| 337 |
|
|
|a computer
|b c
|2 rdamedia
|
| 338 |
|
|
|a online resource
|b cr
|2 rdacarrier
|
| 504 |
|
|
|a Includes bibliographical references (p. 169-172) and index.
|
| 505 |
0 |
|
|a Illustrations -- Foreword / Saad Eddin Ibrahim -- Acknowledgments -- Prologue -- Breaking apart -- First reactions -- The antiterrorism and effective Death Penalty Act of 1996 -- The decision to take legal action -- Knock, and the door shall be opened -- Words remembered -- Epilogue -- Notes -- Bibliography -- Index.
|
| 588 |
|
|
|a Description based on print version record.
|
| 600 |
1 |
0 |
|a Van de Ven, Susan Kerr.
|
| 600 |
1 |
0 |
|a Kerr, Malcolm H.
|
| 650 |
|
0 |
|a Arab-Israeli conflict.
|
| 650 |
|
0 |
|a Americans
|z Middle East
|v Biography.
|
| 650 |
|
0 |
|a College presidents
|z Lebanon
|z Beirut
|v Biography.
|
| 650 |
|
0 |
|a Terrorism
|z Lebanon
|v Case studies.
|
| 650 |
|
0 |
|a Victims of terrorism
|z Lebanon
|v Biography.
|
| 610 |
2 |
0 |
|a American University of Beirut
|x Presidents
|v Biography.
|
| 651 |
|
0 |
|a Middle East
|x Politics and government
|y 1945-
|
| 655 |
|
7 |
|a Electronic books.
|2 local
|
| 776 |
1 |
8 |
|i Online version:
|a Van de Ven, Susan Kerr.
|t One family's response to terrorism.
|b 1st ed.
|d Syracuse, N.Y. : Syracuse University Press, 2008
|w (OCoLC)608820358
|
| 710 |
2 |
|
|a Project Muse.
|e distributor
|
| 830 |
|
0 |
|a Book collections on Project MUSE.
|
| 856 |
4 |
0 |
|z Texto completo
|u https://projectmuse.uam.elogim.com/book/10604/
|
| 945 |
|
|
|a Project MUSE - Custom Collection
|
| 945 |
|
|
|a Project MUSE - Archive Complete Foundation
|
| 945 |
|
|
|a Project MUSE - Archive Poetry, Fiction and Creative Non-Fiction Foundation
|